000
00241nam a22001097a 4500
003
OSt
008
241211b |||||||| |||| 00| 0 eng d
041
_a
eng
100
_a
Henting Ibsen
_9
6478
245
_a
Veerayodhakkal Hengalarin
942
_c
BK
999
_c
18448
_d
18448